01635nam a2200373 a 4500001001000000003000500010005001700015008004100032010001100073011001100084040000900095090001000104100003900114245020100153260004100354500006000395502007700455590004100532590004100573590004000614590004000654650003600694650002500730650003200755650003700787700004900824856007000873901000700943942001000950942000600960999001900966952014000985952013601125000108893CHAP20220329144028.0140318s2013 mx sm |||||||spa d a105355 a106327 cCHAP aTesis1 aMuñoz Vázquez, Maribel912596510aEvaluación de cultivares de jitomate saladette en sistema hidropónico bajo invernadero en Chapingo, Méxicoh[En línea]cpor Maribel Muñoz Vázquez y Julio César Vázquez Domínguez. aChapingo, Méx. :bEl autor,c2013. aPara ver el contenido del material haga clic en la liga aTesis (Ing. Agr. Esp. en Fitotecnia) -- UACH. Departamento de Fitotecnia aBATCH-UPDb05c20140324lUCH01h1536 aBATCH-UPDb05c20141002lUCH01h0858 aE6096MTMb05c20140318lUCH01h1402 aE6096MTMb05c20140318lUCH01h141014aCultivos en invernadero.93037614aEvaluación.93891314aTomatexVariedades.911377714aTomatezMéxico (Edo.).91137861 aVázquez Domínguez, Julio César9125966 aFinding aiduhttp://10.13.5.2/tesis/sist108893.pdfzTeclea aquí aBK cTESIS n0 c105355d105355 00102local4053708TESISaBCbBCcPA_TESISd2014-04-15fTESISl0oTesisp33724002396743r2019-12-31 00:00:00tc.2w2019-12-31yTESIS 00104054718TESISaBCbBCd2014-03-18fTESISl0oTesisp33724002396900r2019-12-31 00:00:00w2019-12-31yTESISzRecien adquirido